000
00187nam a2200085Ia 4500
008
180219s9999 xx 000 0 und d
100
_a
Yogesh Kumar
245
0
_a
Rasayan Vigyan
260
_a
A.P.H. Pub
260
_c
2010
999
_c
41593
_d
41593